MARC

LEADER 00000nam0a2200000 4500
001 302293
005 20231102001504.0
035 |a (RuTPU)RU\TPU\book\327490 
090 |a 302293 
100 |a 20150820d1983 m y0rusy50 ca 
101 0 |a rus 
102 |a RU 
105 |a a j 001zy 
200 1 |a Облицовочные синтетические материалы  |e учебник для среднего профессионально-технического образования  |f Г. Н. Бурмистров 
210 |a Москва  |c Высшая школа  |d 1983 
215 |a 160 с.  |c ил. 
225 1 |a Профессионально-техническое образование 
320 |a Библиогр.: с. 159 
606 1 |a Облицовочные материалы  |2 stltpush  |3 (RuTPU)RU\TPU\subj\46394  |9 65534 
610 1 |a синтетические материалы 
610 1 |a пластмассы 
610 1 |a мастики 
610 1 |a клеи 
610 1 |a листовые материалы 
610 1 |a плиты 
610 1 |a половые покрытия 
610 1 |a учебники 
675 |a 691:699.69(075.3)  |v 4 
700 1 |a Бурмистров  |b Г. Н.  |g Григорий Николаевич 
801 1 |a RU  |b 63413507  |c 20150820 
801 2 |a RU  |b 63413507  |c 20190409  |g RCR 
942 |c BK